00421 2200169 4500001002100000005001500021035002000036245004900056100001700105300002000122700001900142260003100161082001000192084001600202020002200218990001100240INLIS00000000000121520220108121324 a0010-01220000261 aTips dan Trik Melatih Pikiran dan Daya Ingat0 aMulasih Tary a182 hlm :bilus0 aDevi Ardiyanti aSleman :bChecklist,c2019 a153.1 a153.1 MUL t a978-623-7046-78-3 a001993